Countries Liberated by the Red Army - Statistics

General Stats
  • This quiz has been taken 47 times
  • The average score is 10 of 12
Answer Stats
Hint Country % Correct
Capital reached in January 1945 Poland
100%
Winter war (1939-1940) & Continuation War (1941-1944) Finland
95%
Switched side in 1944 Romania
91%
Switched side in 1944 Bulgaria
88%
Capital reached in February 1945 Hungary
86%
Red Army + Partisans Yugoslavia
86%
This country was divided into zones of occupation Austria
81%
Vistula-Oder Offensive Czechoslovakia
79%
The capital city fell to the Soviets on October 13, 1944 Latvia
79%
The capital city was captured in July 1944 Lithuania
77%
German units continued to hold parts of the country Estonia
74%
April-May 1945 East Germany
42%
No matching quizzes found
Score Distribution
Percent of People with Each Score
Percentile by Number Answered
Your Score History
You have not taken this quiz